The inscription of Mes : a contribution to the study of Egyptian judicial procedure /

محفوظ في:

المؤلف الرئيسي: Gardiner, Alan H., 1879-1963 (مؤلف)

التنسيق: كتاب

اللغة: English

منشور في: Hildesheim : G. Olms, 1964.

سلاسل: Untersuchungen zur Geschichte und Altertumskunde Aegyptens ; 4/3.
UGAA ; 4/3.

الموضوعات:

الوسوم: إضافة وسم

لا توجد وسوم, كن أول من يضع وسما على هذه التسجيلة!

رقم الطلب: DT57 .U6 v.4/3

LEADER 00931nam a2200277Ii 4500
001 7381
003 OSt
005 20260423075913.0
008 130303s1964 gw a 000 0 eng d
035 |a ocm04014571 
040 |c ARCE Library 
043 |a f-ua--- 
050 4 |a DT57 .U6 v.4/3 
100 1 |a Gardiner, Alan H.,   |q (Alan Henderson),   |d 1879-1963,  |e author 
245 1 4 |a The inscription of Mes :  |b a contribution to the study of Egyptian judicial procedure /  |c by Alan H. Gardiner. 
264 1 |a Hildesheim :   |b G. Olms,   |c 1964. 
300 |a 54 pages :  |b illustrations ;  |c 29 cm. 
490 1 |a Untersuchungen zur Geschichte und Altertumskunde Aegyptens ;   |v 4/3. 
490 1 |a UGAA ;   |v 4/3. 
651 0 |a Egypt  |x Antiquities. 
651 0 |a Egypt  |x Civilization. 
830 0 |a Untersuchungen zur Geschichte und Altertumskunde Aegyptens ;  |v 4/3. 
830 0 |a UGAA ;   |v 4/3. 
901 |a reviewed 
942 |c BK  |2 lcc 
999 |c 4694  |d 4694